|
|
|
|
| LEADER |
00916nam a22002532a 4500 |
| 001 |
001327131 |
| 003 |
CZ BrMZK |
| 005 |
20140721134744.0 |
| 007 |
ta |
| 008 |
130917s1967 pl er|||||||||||pol d |
| 040 |
|
|
|a ABA001
|b cze
|c ABA001
|d ABA001
|d BOA001
|
| 041 |
0 |
|
|a pol
|b rus
|
| 100 |
1 |
|
|a Franus, Edward,
|d 1916-2009
|7 mzk2014830606
|4 aut
|
| 245 |
1 |
0 |
|a Rozwój rozumienia narzędzi przez uczniów /
|c Edward Franus
|
| 260 |
|
|
|a Kraków :
|b Uniwersytet Jagielloński,
|c 1967
|
| 300 |
|
|
|a 166 s.
|
| 490 |
1 |
|
|a Zeszyty naukowe Uniwersytetu Jagiellońskiego. Prace psychologiczno-pedagogiczne ;
|v 155, zesz. 11
|
| 504 |
|
|
|a Obsahuje bibliografii
|
| 546 |
|
|
|a Ruské resumé
|
| 830 |
|
0 |
|a Zeszyty naukowe Uniwersytetu Jagiellońskiego.
|t Prace psychologiczno-pedagogiczne
|
| 910 |
|
|
|a BOA001
|b 2-0592.199
|
| 990 |
|
|
|a BK
|
| 991 |
|
|
|b 201309
|
| 996 |
7 |
|
|b 2619012383
|c 2-0592.199
|l HP2
|r DEN
|n 0
|w 001362117
|u 000010
|a 1
|e BOA001
|j MZK50
|s A
|